Yêu thương ai cũng như ai : Yêu thương trong một thế giới đầy rẩy đỗ vỡ và những con người khó nhọc = Everybody always : becoming love in a world full of setbacks and difficult people

Cuốn sách là những mẩu truyện nhỏ, những chiêm nghiệm của tác giả về tình yêu thương xung quanh ông. Tất cả đều được vun đắp, xây dựng trong một thời gian dài, nhưng đó cũng có thể là tình cảm phát sinh bất chợt. Nhưng cho dù như thế nà...

Deskribapen osoa

Gorde:
Xehetasun bibliografikoak
Egile nagusia: Goff, Bob
Formatua: Liburua
Hizkuntza:Undetermined
Argitaratua: Hà Nội Hồng Đức 2019
Gaiak:
Etiketak: Etiketa erantsi
Etiketarik gabe, Izan zaitez lehena erregistro honi etiketa jartzen!
Thư viện lưu trữ: Trung tâm Học liệu Trường Đại học Cần Thơ
LEADER 01521nam a2200229Ia 4500
001 CTU_238697
008 210402s9999 xx 000 0 und d
020 |c 162000 
082 |a 248.4 
082 |b G612 
100 |a Goff, Bob 
245 0 |a Yêu thương ai cũng như ai : 
245 0 |b Yêu thương trong một thế giới đầy rẩy đỗ vỡ và những con người khó nhọc = Everybody always : becoming love in a world full of setbacks and difficult people 
245 0 |c Bob Goff ; Nguyễn Xuân Hồng (dịch) 
260 |a Hà Nội 
260 |b Hồng Đức 
260 |c 2019 
520 |a Cuốn sách là những mẩu truyện nhỏ, những chiêm nghiệm của tác giả về tình yêu thương xung quanh ông. Tất cả đều được vun đắp, xây dựng trong một thời gian dài, nhưng đó cũng có thể là tình cảm phát sinh bất chợt. Nhưng cho dù như thế nào thì tình yêu thương cũng luôn đem đến những điều kì diệu cho cả người cho đi và người nhận lại. Hạnh phúc mà tình yêu thương đem lại cho cả hai là cảm giác bình yên và thật sâu lắng. 
650 |a Love,Tình yêu 
650 |x Religious aspects,Christianity,Khía cạnh tôn giáo,Cơ đốc giáo 
904 |i Hải 
980 |a Trung tâm Học liệu Trường Đại học Cần Thơ